[Event "NWFD Ch 2019 Men"]
[Site "St. Petersburg"]
[Date "2019.03.13"]
[Round "7.1"]
[White "Nesterov, Arseniy"]
[Black "Osoblivi, Grigory"]
[Result "1/2-1/2"]
[WhiteElo "2412"]
[BlackElo "2222"]
[PlyCount "48"]
[EventDate "2019.03.07"]

1. c4 e6 2. d4 d5 3. Nf3 Nf6 4. Nc3 c6 5. e3 Nbd7 6. Qc2 Bd6 7. b3 O-O 8. Be2
Qe7 9. O-O dxc4 10. bxc4 e5 11. Rb1 Re8 12. Rd1 e4 13. Nd2 Nf8 14. c5 Bc7 15.
Nc4 Ng6 16. d5 cxd5 17. Nxd5 Nxd5 18. Rxd5 Be6 19. Rh5 f5 20. Ba3 Qf7 21. Rxb7
Bxh2+ 22. Rxh2 Qxb7 23. Nd6 Qc7 24. Bc4 Qa5 1/2-1/2

[Event "NWFD Ch 2019 Men"]
[Site "St. Petersburg"]
[Date "2019.03.13"]
[Round "7.2"]
[White "Rudenko, Naum"]
[Black "Toivonen, Alexander V"]
[Result "1-0"]
[WhiteElo "2231"]
[BlackElo "2304"]
[PlyCount "91"]
[EventDate "2019.03.07"]

1. e4 e5 2. Nf3 Nc6 3. Nc3 Nf6 4. d4 exd4 5. Nxd4 d6 6. Bb5 Bd7 7. O-O Be7 8.
Bf4 O-O 9. Re1 Nxd4 10. Qxd4 Bxb5 11. Nxb5 Nd7 12. Rad1 a6 13. Nc3 Bf6 14. Qd2
Re8 15. b3 Nc5 16. f3 Ne6 17. Be3 g6 18. Nd5 Bg7 19. f4 Rc8 20. b4 f5 21. exf5
gxf5 22. Qd3 Rf8 23. Bd2 Qd7 24. Bc3 Rce8 25. Bxg7 Nxg7 26. Qc3 Nh5 27. Rxe8
Rxe8 28. Qf3 c6 29. Qxh5 cxd5 30. Qg5+ Kh8 31. Qf6+ Kg8 32. Rd3 Re7 33. Rg3+
Rg7 34. Rxg7+ Qxg7 35. Qxg7+ Kxg7 36. Kf2 Kg6 37. g3 Kf6 38. Ke3 Ke7 39. Kd4
Ke6 40. a4 b6 41. b5 a5 42. c3 h6 43. h3 h5 44. h4 Ke7 45. Kxd5 Kd7 46. c4 1-0

[Event "NWFD Ch 2019 Men"]
[Site "St. Petersburg"]
[Date "2019.03.13"]
[Round "7.3"]
[White "Rozum, Ivan"]
[Black "Cherniaev, Alexander"]
[Result "1-0"]
[WhiteElo "2573"]
[BlackElo "2405"]
[PlyCount "127"]
[EventDate "2019.03.07"]

1. Nf3 c5 2. c4 Nc6 3. Nc3 Nd4 4. e3 Nxf3+ 5. Qxf3 g6 6. d4 Bg7 7. dxc5 Qa5 8.
e4 Qxc5 9. Be2 d6 10. Nd5 Nf6 11. Be3 Qa5+ 12. Bd2 Qd8 13. Bc3 O-O 14. Nxf6+
Bxf6 15. Bxf6 exf6 16. O-O Qe7 17. Rad1 Re8 18. Bd3 Bd7 19. Qg3 Bc6 20. f3 Qe5
21. Rf2 Qxg3 22. hxg3 Kf8 23. Rfd2 Ke7 24. g4 Rh8 25. Be2 Rad8 26. b4 Ba4 27.
Rb1 Bd7 28. f4 Rc8 29. Rd4 a6 30. Rbd1 Ba4 31. R1d2 Rhd8 32. Kf2 Be8 33. Ke3
Ra8 34. g3 h6 35. Bd1 b5 36. Bb3 Bc6 37. Rc2 Bd7 38. cxb5 axb5 39. f5 Rdc8 40.
Rdd2 Rxc2 41. Rxc2 Rc8 42. Rxc8 Bxc8 43. a4 Bd7 44. axb5 Bxb5 45. Bc2 g5 46.
Bd3 Ba4 47. Be2 Kd7 48. Kd4 Kc7 49. b5 Bc2 50. Kd5 Kd7 51. Bc4 Ba4 52. Kd4 Kc7
53. Be2 Bb3 54. Kc3 Ba4 55. Kc4 Bc2 56. Kd4 Ba4 57. Bc4 Kd7 58. b6 Kc6 59. Bxf7
Kxb6 60. Kd5 Kc7 61. Ke6 Bc6 62. Kxf6 Bxe4 63. Ke7 d5 64. f6 1-0

[Event "NWFD Ch 2019 Men"]
[Site "St. Petersburg"]
[Date "2019.03.13"]
[Round "7.4"]
[White "Radkov, Bazhen D"]
[Black "Solozhenkin, Evgeniy"]
[Result "0-1"]
[WhiteElo "2150"]
[BlackElo "2460"]
[PlyCount "132"]
[EventDate "2019.03.07"]

1. d4 Nf6 2. c4 e6 3. Nf3 b6 4. e3 Bb7 5. Bd3 d5 6. O-O Bd6 7. Nc3 O-O 8. b3
Nbd7 9. Bb2 a6 10. Rc1 Qe7 11. cxd5 exd5 12. Re1 Ne4 13. Bf1 f5 14. g3 Kh8 15.
Bg2 c6 16. Ne2 a5 17. Nf4 a4 18. Nd3 c5 19. Rc2 a3 20. Ba1 Qf7 21. dxc5 bxc5
22. Nd2 Rfe8 23. Nxe4 fxe4 24. Nf4 Ne5 25. Qh5 Qxh5 26. Nxh5 Bf8 27. Nf4 Nd3
28. Rd1 Nb4 29. Rcd2 Kg8 30. h4 Bd6 31. Bc3 Bxf4 32. gxf4 Nd3 33. Bf1 Ba6 34.
Bxd3 Bxd3 35. f3 Re7 36. fxe4 Bxe4 37. Be5 Re6 38. Rc1 Rae8 39. Kh2 Rh6 40. Kh3
Ree6 41. Rg1 Bf5+ 42. Kg3 Reg6+ 43. Kf2 Rxg1 44. Kxg1 Be4 45. Rh2 c4 46. bxc4
dxc4 47. Rd2 Rxh4 48. Rd8+ Kf7 49. Rd7+ Ke6 50. Rxg7 Rh1+ 51. Kf2 Rh2+ 52. Ke1
Rxa2 53. Ra7 Bd3 54. Ra6+ Kd5 55. Bd6 Re2+ 56. Kd1 a2 57. Be5 h5 58. Rh6 Rh2
59. Bd4 Ke4 60. Rh8 a1=Q+ 61. Bxa1 Rh1+ 62. Kd2 Rxa1 63. Rxh5 Ra2+ 64. Kc3 Rc2+
65. Kb4 Kxe3 66. f5 Kd4 0-1

[Event "NWFD Ch 2019 Men"]
[Site "St. Petersburg"]
[Date "2019.03.13"]
[Round "7.5"]
[White "Gogolev, Artem"]
[Black "Petrushev, Nikita"]
[Result "1-0"]
[WhiteElo "2388"]
[BlackElo "2238"]
[PlyCount "81"]
[EventDate "2019.03.07"]

1. Nf3 Nf6 2. c4 g6 3. Nc3 d5 4. cxd5 Nxd5 5. g3 Bg7 6. Bg2 O-O 7. h4 Nc6 8. h5
Nxc3 9. bxc3 e5 10. hxg6 hxg6 11. Qa4 Bd7 12. Kf1 Re8 13. d3 e4 14. dxe4 Nd4
15. Qa5 b6 16. Qg5 Nc2 17. Rb1 Bc6 18. Qxd8 Raxd8 19. Bg5 f6 20. Bh6 Bxe4 21.
Bxg7 Kxg7 22. Rc1 Na3 23. c4 c5 24. Kg1 Bc2 25. Ne1 Rxe2 26. Bf3 Red2 27. Kg2
Re8 28. g4 g5 29. Rh3 Ba4 30. Bd5 Rxa2 31. Nd3 Bc2 32. Rch1 Bxd3 33. Rxd3 Ree2
34. Rdh3 Rxf2+ 35. Kg3 f5 36. Rh7+ Kf6 37. gxf5 Ke5 38. Rxa7 Rfd2 39. Re1+ Kd4
40. f6 Rf2 41. Rxa3 1-0

[Event "NWFD Ch 2019 Men"]
[Site "St. Petersburg"]
[Date "2019.03.13"]
[Round "7.6"]
[White "Semenenko, Sergey"]
[Black "Samojlov, Anton"]
[Result "1/2-1/2"]
[WhiteElo "2143"]
[BlackElo "2332"]
[PlyCount "60"]
[EventDate "2019.03.07"]

1. d4 Nf6 2. c4 e6 3. Nc3 Bb4 4. e3 O-O 5. Nge2 c6 6. Ng3 d5 7. Bd3 Nbd7 8. a3
Ba5 9. O-O dxc4 10. Bxc4 e5 11. Ba2 Bc7 12. Qc2 Nb6 13. dxe5 Ng4 14. f3 Nxh2
15. Rf2 Bxe5 16. Nh1 Qh4 17. f4 Bxc3 18. g3 Nf3+ 19. Rxf3 Qh5 20. Rf2 Bf6 21.
Bd2 Re8 22. Re1 Qb5 23. Rh2 Bf5 24. e4 Bd4+ 25. Nf2 Be6 26. e5 Bxa2 27. Qxh7+
Kf8 28. Qh8+ Ke7 29. Qxg7 Kd8 30. Bc3 c5 1/2-1/2

[Event "NWFD Ch 2019 Men"]
[Site "St. Petersburg"]
[Date "2019.03.13"]
[Round "7.7"]
[White "Cherepanov, Vladislav"]
[Black "Makarov, Leonid"]
[Result "1-0"]
[WhiteElo "2302"]
[BlackElo "2097"]
[PlyCount "97"]
[EventDate "2019.03.07"]

1. d4 Nf6 2. c4 g6 3. Nc3 d5 4. cxd5 Nxd5 5. e4 Nxc3 6. bxc3 Bg7 7. Bc4 O-O 8.
Ne2 c5 9. O-O Nc6 10. Be3 Bg4 11. f3 Bd7 12. Rb1 Qc7 13. Bf4 Qc8 14. Bd5 cxd4
15. cxd4 e6 16. Bb3 Nxd4 17. Nxd4 e5 18. Be3 exd4 19. Bxd4 Bc6 20. Bxg7 Kxg7
21. Qd4+ Kg8 22. Rfd1 Rd8 23. Qf6 Rxd1+ 24. Rxd1 Qf8 25. Rd6 Re8 26. Qd4 Qe7
27. Rf6 Rf8 28. e5 Kg7 29. Rd6 Kh6 30. Rf6 Kg7 31. h4 a5 32. h5 Qb4 33. Qxb4
axb4 34. hxg6 hxg6 35. Kf2 Be8 36. f4 Rh8 37. Ke3 Rh2 38. Bd5 b5 39. Kd4 g5 40.
f5 Rh1 41. Rd6 Re1 42. f6+ Kg6 43. Rd8 Bc6 44. Rg8+ Kf5 45. Bxc6 Rd1+ 46. Kc5
Kxe5 47. Rxg5+ Kxf6 48. Rg3 Rd2 49. Bd5 1-0

[Event "NWFD Ch 2019 Men"]
[Site "St. Petersburg"]
[Date "2019.03.13"]
[Round "7.8"]
[White "Suleymanyants, Odisey"]
[Black "Mironov, Vadim"]
[Result "1-0"]
[WhiteElo "2259"]
[BlackElo "2181"]
[PlyCount "101"]
[EventDate "2019.03.07"]

1. e4 c6 2. Nf3 d5 3. Nc3 dxe4 4. Nxe4 Nf6 5. d3 Nxe4 6. dxe4 Qxd1+ 7. Kxd1 Bg4
8. Be3 Nd7 9. c3 e6 10. Kc2 Bc5 11. Bxc5 Nxc5 12. Ne5 Bh5 13. f3 f6 14. Nc4 Ke7
15. b4 Nd7 16. a4 Rhd8 17. h4 Bf7 18. a5 Nf8 19. Ne3 Rd7 20. g3 Rad8 21. Rh2 g6
22. e5 g5 23. exf6+ Kxf6 24. Ng4+ Kg7 25. h5 h6 26. a6 b6 27. Ne3 Rd6 28. f4
Nd7 29. Nc4 Rd5 30. Ne3 Rd6 31. fxg5 hxg5 32. Nc4 Rd5 33. Bg2 Rf5 34. Be4 Rh8
35. Bxf5 exf5 36. Nd6 Be6 37. Re1 Kf6 38. h6 Rh7 39. Ne8+ Kf7 40. Ng7 Nf8 41.
Rf2 Kf6 42. Ref1 f4 43. gxf4 g4 44. Nh5+ Kf7 45. f5 Bc4 46. Rg1 Rxh6 47. Rxg4
Bxa6 48. Rg7+ Ke8 49. Rxa7 Bc4 50. Ng7+ Kd8 51. Rd2+ 1-0

[Event "NWFD Ch 2019 Men"]
[Site "St. Petersburg"]
[Date "2019.03.13"]
[Round "7.9"]
[White "Nekipelov, Dimitry"]
[Black "Gashev, Matvei"]
[Result "1/2-1/2"]
[WhiteElo "2197"]
[BlackElo "1806"]
[PlyCount "131"]
[EventDate "2019.03.07"]

1. Nf3 c5 2. c4 Nc6 3. g3 g6 4. Bg2 Bg7 5. O-O e5 6. Qc2 Nge7 7. d3 O-O 8. Bd2
d6 9. a3 a5 10. Nc3 f5 11. Nb5 b6 12. Qc1 Bb7 13. Bh6 Qd7 14. Bxg7 Kxg7 15. e3
d5 16. Ng5 h6 17. Nh3 Rad8 18. Re1 Ba6 19. Qc3 Rfe8 20. Qb3 Bxb5 21. Qxb5 Qc7
22. d4 cxd4 23. cxd5 Na7 24. Qb3 dxe3 25. Rxe3 Qd6 26. Rd1 Kh7 27. Red3 b5 28.
Kh1 b4 29. Qa4 bxa3 30. bxa3 Ra8 31. Ng1 Reb8 32. Qxa5 Nb5 33. Qb4 Qxb4 34.
axb4 Nd6 35. Rb3 Ra2 36. b5 Rxf2 37. b6 Nec8 38. Rdb1 Rb7 39. Bf1 Ra2 40. Nf3
e4 41. Ne5 e3 42. Bd3 e2 43. Nc4 Nxc4 44. Bxc4 Rd2 45. Rd3 Rxb6 46. Re1 Rbb2
47. Rxd2 Rxd2 48. Rxe2 Rxe2 49. Bxe2 Kg7 50. Kg2 Kf6 51. h4 Ke5 52. Kf3 Nd6 53.
Bd3 g5 54. hxg5 hxg5 55. Bb1 Nc4 56. Ba2 Nb6 57. d6 Kxd6 58. g4 f4 59. Ke4 Nd7
60. Kf5 Ne5 61. Bb1 f3 62. Be4 f2 63. Bg2 Nc4 64. Kxg5 Ne3 65. Bh3 Ke5 66. Kh4
1/2-1/2

[Event "NWFD Ch 2019 Men"]
[Site "St. Petersburg"]
[Date "2019.03.13"]
[Round "7.10"]
[White "Kuznetsov, Mikhail"]
[Black "Ufimtsev, Egor"]
[Result "1-0"]
[WhiteElo "1895"]
[BlackElo "2148"]
[PlyCount "115"]
[EventDate "2019.03.07"]

1. Nf3 d5 2. d4 e6 3. c4 c6 4. Qc2 f5 5. Bf4 Nf6 6. e3 Be7 7. Bd3 O-O 8. Nbd2
Ne4 9. Bxb8 Rxb8 10. Ne5 Bb4 11. Bxe4 fxe4 12. O-O Bd6 13. f4 Bd7 14. Nxd7 Qxd7
15. c5 Bc7 16. b4 g5 17. g3 Qg7 18. Kh1 h5 19. Qd1 Qh6 20. Rg1 Kh8 21. Qe2 Rf5
22. Raf1 Rbf8 23. Rg2 h4 24. Qg4 R5f7 25. Kg1 gxf4 26. gxf4 e5 27. dxe5 Bxe5
28. fxe5 Qxe3+ 29. Rff2 Qe1+ 30. Nf1 Qxf2+ 31. Rxf2 Rg8 32. Rxf7 Rxg4+ 33. Kf2
d4 34. e6 Kg8 35. Rf6 e3+ 36. Kf3 Re4 37. Ke2 d3+ 38. Kxd3 e2 39. Kxe4 e1=Q+
40. Ne3 Qxb4+ 41. Kf3 Qxc5 42. Ng4 Kg7 43. Rf7+ Kg6 44. Rf4 Qd5+ 45. Re4 Qd1+
46. Ke3 Qe1+ 47. Kf3 Qd1+ 48. Ke3 Qc1+ 49. Kf3 Qa3+ 50. Re3 Qe7 51. h3 c5 52.
a4 b6 53. Ke2 Kf5 54. Rf3+ Ke4 55. Nf6+ Kd4 56. Rd3+ Kc4 57. Rc3+ Kb4 58. Nd5+
1-0

[Event "NWFD Ch 2019 Men"]
[Site "St. Petersburg"]
[Date "2019.03.13"]
[Round "7.11"]
[White "Krasovskiy, Sviatoslav"]
[Black "Arkhipov, Vladislav"]
[Result "0-1"]
[WhiteElo "2145"]
[BlackElo "2019"]
[PlyCount "130"]
[EventDate "2019.03.07"]

1. c4 e5 2. Nc3 Bb4 3. Nd5 Bc5 4. Nf3 c6 5. b4 Bxf2+ 6. Kxf2 cxd5 7. cxd5 e4 8.
Bb2 Nf6 9. Nd4 e3+ 10. Kg1 Ne4 11. Nf5 Qg5 12. Nxg7+ Kd8 13. Qb3 Nxd2 14. Qd3
d6 15. Nh5 Bf5 16. Bxh8 Bxd3 17. Bf6+ Qxf6 18. Nxf6 Bg6 19. Rc1 b5 20. h4 Na6
21. h5 Bb1 22. Rh3 Ke7 23. Ng4 Nxb4 24. Rxe3+ Kf8 25. Rb3 Nxa2 26. Rcxb1 Nxb1
27. Rxb1 Nc3 28. Rb3 Rc8 29. e3 Rc5 30. Nf6 Ke7 31. Nxh7 a5 32. Bxb5 Nxb5 33.
e4 a4 34. Rb4 a3 35. Ra4 Rc7 36. e5 Ra7 37. exd6+ Kxd6 38. Rxa3 Nxa3 39. h6 Ke7
40. d6+ Ke6 41. d7 Ra8 42. Ng5+ Kf6 43. Nf3 Rd8 44. h7 Kg7 45. Ne5 Kxh7 46.
Nxf7 Rxd7 47. Ng5+ Kg6 48. Nf3 Kf5 49. Kf2 Nc4 50. Kg3 Rg7+ 51. Kf2 Ne5 52. Ne1
Kg4 53. Nc2 Rf7+ 54. Kg1 Ra7 55. Ne3+ Kf4 56. Nc2 Kg3 57. Kf1 Nc4 58. Ke2 Kxg2
59. Kd3 Ne5+ 60. Ke4 Ng4 61. Kf4 Ra4+ 62. Kg5 Kg3 63. Ne1 Ra5+ 64. Kg6 Ne5+ 65.
Kf5 Nf3+ 0-1

[Event "NWFD Ch 2019 Men"]
[Site "St. Petersburg"]
[Date "2019.03.13"]
[Round "7.12"]
[White "Shpak, Alexandr"]
[Black "Rumiantsev, Rafail"]
[Result "1-0"]
[WhiteElo "2141"]
[BlackElo "1982"]
[PlyCount "42"]
[EventDate "2019.03.07"]

1. e4 e5 2. Nf3 f5 3. Nxe5 Qf6 4. d4 d6 5. Nc4 fxe4 6. Nc3 Qf7 7. Ne3 Nf6 8.
Bc4 Qg6 9. f3 exf3 10. Qxf3 c6 11. O-O d5 12. Bd3 Qf7 13. Nf5 Bxf5 14. Bxf5 Bd6
15. Re1+ Kd8 16. Bg5 Rf8 17. Re6 Qc7 18. Qh3 Bf4 19. Bxf6+ gxf6 20. Rae1 Na6
21. Qh4 Qa5 1-0

[Event "NWFD Ch 2019 Men"]
[Site "St. Petersburg"]
[Date "2019.03.13"]
[Round "7.13"]
[White "Zaykov, Sergey"]
[Black "Yarosh, Ruslan"]
[Result "1-0"]
[WhiteElo "2138"]
[BlackElo "1977"]
[PlyCount "81"]
[EventDate "2019.03.07"]

1. c4 g6 2. Nf3 Bg7 3. Nc3 d6 4. d4 Nf6 5. e4 O-O 6. Be2 e5 7. d5 a5 8. Bg5 Na6
9. Nd2 Bd7 10. O-O Qe8 11. b3 Kh8 12. Be3 Ng8 13. f3 f5 14. a3 Bh6 15. Bf2 Qe7
16. Qc2 Nf6 17. Rfe1 Nh5 18. Bf1 f4 19. Rab1 Bg5 20. b4 axb4 21. axb4 Bh4 22.
Nd1 b6 23. Qc3 Bg3 24. Bd3 Qh4 25. Nf1 g5 26. Ra1 g4 27. fxg4 Bxg4 28. Be2
Bxf2+ 29. Nxf2 f3 30. Nxg4 f2+ 31. Nxf2 Qxf2+ 32. Kh1 Nf4 33. Bf3 Nh3 34. Qe3
Rg8 35. Nd2 Qxe3 36. Rxe3 Nf4 37. Rea3 Raf8 38. Rxa6 Nd3 39. Ra7 Rf7 40. b5 h6
41. Ra8 1-0

[Event "NWFD Ch 2019 Men"]
[Site "St. Petersburg"]
[Date "2019.03.13"]
[Round "7.14"]
[White "Skuratovich, Yakov"]
[Black "Lvov, Nikita"]
[Result "1-0"]
[WhiteElo "2101"]
[BlackElo "1936"]
[PlyCount "103"]
[EventDate "2019.03.07"]

1. e4 c5 2. Nf3 d6 3. Bb5+ Nc6 4. Bxc6+ bxc6 5. h3 e5 6. O-O Nf6 7. Re1 Be7 8.
c3 O-O 9. d4 cxd4 10. cxd4 exd4 11. Nxd4 Bd7 12. Nc3 Re8 13. Qf3 Qb6 14. Nf5
Bxf5 15. Qxf5 d5 16. e5 Bc5 17. Rf1 Ne4 18. Nxe4 dxe4 19. Qxe4 Bd4 20. Bf4 Rad8
21. Rac1 Qxb2 22. Qxc6 Bxe5 23. Rc2 Qb4 24. Rc4 Qb2 25. Rc2 Qb4 26. Bg5 f6 27.
Be3 Qe7 28. Qa6 Bb8 29. Rfc1 Qe5 30. Rc8 h6 31. Qc4+ Kh8 32. Rxd8 Rxd8 33. g3
Qf5 34. Kg2 Kh7 35. Qe2 Rd5 36. Rc4 Ra5 37. a4 Ra6 38. Rc5 Qe4+ 39. f3 Qxa4 40.
Qd3+ g6 41. Rb5 Qa2+ 42. Bf2 Qf7 43. Rxb8 Rc6 44. Qb3 Qxb3 45. Rxb3 a6 46. Rb7+
Kg8 47. Ra7 h5 48. h4 f5 49. Rb7 a5 50. Ra7 Re6 51. Rxa5 Re7 52. Ra8+ 1-0

[Event "NWFD Ch 2019 Men"]
[Site "St. Petersburg"]
[Date "2019.03.13"]
[Round "7.15"]
[White "Starkov, Valery"]
[Black "Shoshin, Kirill"]
[Result "1-0"]
[WhiteElo "2048"]
[BlackElo "1811"]
[PlyCount "65"]
[EventDate "2019.03.07"]

1. d4 Nf6 2. c4 e6 3. g3 d5 4. Nf3 dxc4 5. Bg2 c5 6. Qa4+ Bd7 7. Qxc4 Nc6 8.
dxc5 Qa5+ 9. Bd2 Qxc5 10. Na3 Rc8 11. O-O Qb6 12. Qb3 Qxb3 13. axb3 Bc5 14.
Rfc1 Ne4 15. Be1 f5 16. Nc4 Ke7 17. e3 Rhd8 18. Bc3 b5 19. Na5 Nxa5 20. Bxa5
Rg8 21. Ne5 Bd6 22. Nxd7 Kxd7 23. Rd1 Ke7 24. Bxe4 fxe4 25. Bc3 Bc5 26. Ra5 b4
27. Bd4 Bxd4 28. Rxd4 Rc2 29. Rxa7+ Kf6 30. Rxe4 Rxb2 31. Rxb4 Rc8 32. Rf4+ Kg6
33. Rg4+ 1-0

[Event "NWFD Ch 2019 Men"]
[Site "St. Petersburg"]
[Date "2019.03.13"]
[Round "7.16"]
[White "Zhuravlev, Aleksandr"]
[Black "Ivanov, Rodion"]
[Result "1-0"]
[WhiteElo "2021"]
[BlackElo "1941"]
[PlyCount "57"]
[EventDate "2019.03.07"]

1. d4 Nf6 2. c4 c5 3. d5 b5 4. cxb5 a6 5. b6 Qxb6 6. Nc3 d6 7. Nf3 g6 8. Nd2 a5
9. e4 Ba6 10. Bxa6 Qxa6 11. a4 Bh6 12. Nb5 Qb7 13. Nc4 Bf8 14. O-O Nfd7 15. Bd2
Nb6 16. Nxa5 Qd7 17. Bc3 f6 18. Qb3 Bg7 19. f4 O-O 20. f5 Rc8 21. Nc4 Nxc4 22.
Qxc4 Qb7 23. Qe2 Nd7 24. Qg4 Nb6 25. fxg6 hxg6 26. Qe6+ Kh7 27. Rf3 Bh6 28. Bd2
g5 29. Bxg5 1-0

[Event "NWFD Ch 2019 Men"]
[Site "St. Petersburg"]
[Date "2019.03.13"]
[Round "7.17"]
[White "Zasypkin, Alexey"]
[Black "Ananjev, Ilija"]
[Result "1-0"]
[WhiteElo "2184"]
[BlackElo "1755"]
[PlyCount "111"]
[EventDate "2019.03.07"]

1. d4 Nf6 2. Nf3 e6 3. c4 d5 4. g3 Be7 5. Bg2 O-O 6. O-O dxc4 7. Qc2 a6 8. a4
c5 9. Nbd2 cxd4 10. Nxc4 d3 11. exd3 Nc6 12. d4 Nb4 13. Qe2 Nfd5 14. Bd2 Bd7
15. Nce5 b5 16. Nxd7 Qxd7 17. Ne5 Qb7 18. Rfc1 Rfc8 19. Be4 Rxc1+ 20. Rxc1 g6
21. h4 bxa4 22. h5 Rc8 23. Rd1 Bf8 24. hxg6 hxg6 25. Qg4 Nc6 26. Nxg6 Bg7 27.
Bxd5 exd5 28. Nh4 Nxd4 29. Bh6 f5 30. Qxg7+ Qxg7 31. Bxg7 Ne2+ 32. Kf1 Nxg3+
33. fxg3 Kxg7 34. Nxf5+ Kf6 35. Ne3 Rb8 36. Nxd5+ Ke5 37. Ne3 Ke4 38. Nc4 Rb4
39. Nd6+ Kf3 40. Rd3+ Kg4 41. Rd2 Kxg3 42. Ke1 Kf3 43. Kd1 Rb3 44. Nc4 Ke4 45.
Kc2 Rh3 46. Kb1 Rb3 47. Ka2 Rb4 48. Na3 Rb3 49. Rd6 Rb4 50. Nb1 Ke5 51. Rxa6
Kd5 52. Nc3+ Kc5 53. Rxa4 Rb8 54. Ka3 Rb7 55. Rh4 Rb8 56. b4+ 1-0

[Event "NWFD Ch 2019 Men"]
[Site "St. Petersburg"]
[Date "2019.03.13"]
[Round "7.18"]
[White "Ponikarovsky, Alexey"]
[Black "Bratus, Petr P"]
[Result "1/2-1/2"]
[WhiteElo "1991"]
[BlackElo "2097"]
[PlyCount "20"]
[EventDate "2019.03.07"]

1. e4 c5 2. Nf3 d6 3. d4 cxd4 4. Qxd4 Nc6 5. Bb5 Bd7 6. Bxc6 Bxc6 7. c4 Nf6 8.
Nc3 g6 9. O-O Bg7 10. Re1 O-O 1/2-1/2

[Event "NWFD Ch 2019 Men"]
[Site "St. Petersburg"]
[Date "2019.03.13"]
[Round "7.19"]
[White "Iurtsius, Sergei"]
[Black "Balakin, Vadim"]
[Result "1/2-1/2"]
[WhiteElo "1841"]
[BlackElo "2072"]
[PlyCount "77"]
[EventDate "2019.03.07"]

1. e4 c5 2. Nf3 e6 3. d4 cxd4 4. Nxd4 a6 5. c4 Nf6 6. Nc3 Bb4 7. Bd3 Bxc3+ 8.
bxc3 Qa5 9. Qc2 O-O 10. O-O d6 11. f4 Nbd7 12. a4 Re8 13. Ba3 Qc7 14. Rae1 e5
15. Nf5 Nc5 16. Ne3 Be6 17. fxe5 dxe5 18. Nd5 Bxd5 19. cxd5 Rac8 20. Rf3 Nxd3
21. Qxd3 Qc4 22. Bb4 Qxd3 23. Rxd3 Nd7 24. Kf2 b6 25. a5 b5 26. Kf3 Rc4 27. g4
g6 28. Rdd1 f6 29. Rd2 Kg7 30. h4 h6 31. Rh2 Nc5 32. Rd2 Rd8 33. Rdd1 Na4 34.
Re3 Kf7 35. Ke2 Nc5 36. Kf3 Na4 37. Rd2 Nc5 38. Rd1 Na4 39. Rd2 1/2-1/2

[Event "NWFD Ch 2019 Men"]
[Site "St. Petersburg"]
[Date "2019.03.13"]
[Round "7.20"]
[White "Osetrov, Dmitrij"]
[Black "Napalkov, Vladimir"]
[Result "1-0"]
[WhiteElo "1775"]
[BlackElo "2034"]
[PlyCount "107"]
[EventDate "2019.03.07"]

1. d4 d5 2. c4 e6 3. g3 Nf6 4. Bg2 Nbd7 5. Nf3 dxc4 6. O-O a6 7. a4 Be7 8. Nbd2
O-O 9. Nxc4 c5 10. Bf4 Nb6 11. Nce5 Nbd5 12. Bd2 Bd7 13. Nxd7 Nxd7 14. e4 N5f6
15. Qe2 Rc8 16. Bc3 c4 17. a5 Qc7 18. Nd2 e5 19. d5 Ne8 20. Rfc1 Bg5 21. Bb4
Bxd2 22. Qxd2 Nd6 23. Bxd6 Qxd6 24. Qe2 Qb4 25. Bh3 Rfd8 26. Qc2 Rc5 27. Ra4
Qb5 28. Rxc4 Rdc8 29. b3 R8c7 30. d6 Rc8 31. Qd2 Rxc4 32. Rxc4 Rxc4 33. bxc4
Qb1+ 34. Kg2 Qxe4+ 35. f3 Qc6 36. Bxd7 Qxd7 37. Qd5 g6 38. Qxe5 h6 39. g4 Qa4
40. Qe2 h5 41. h3 h4 42. Qd2 Qd7 43. c5 Kg7 44. Qd4+ Kg8 45. Qf6 Qb5 46. Qxh4
Qxc5 47. Qe7 Qc2+ 48. Kg3 Qd1 49. d7 Qg1+ 50. Kh4 Qf2+ 51. Kg5 Qd2+ 52. f4 f6+
53. Kxg6 Qd3+ 54. f5 1-0

[Event "NWFD Ch 2019 Men"]
[Site "St. Petersburg"]
[Date "2019.03.13"]
[Round "7.21"]
[White "Andronov, Mikhail G"]
[Black "Chuklin, Alexey"]
[Result "1/2-1/2"]
[WhiteElo "2187"]
[BlackElo "1875"]
[PlyCount "46"]
[EventDate "2019.03.07"]

1. e4 e6 2. d4 d5 3. exd5 exd5 4. Nf3 Nf6 5. Be2 Bd6 6. O-O O-O 7. Bg5 Be7 8.
Re1 Nc6 9. c3 Re8 10. Nbd2 h6 11. Bh4 Bf5 12. Nf1 a6 13. Ne3 Bh7 14. Bd3 Bxd3
15. Qxd3 Ne4 16. Bxe7 Rxe7 17. Nd2 Nxd2 18. Qxd2 Qd7 19. Nf1 Rxe1 20. Rxe1 Re8
21. Rxe8+ Qxe8 22. Qe3 Qxe3 23. Nxe3 Ne7 1/2-1/2

[Event "NWFD Ch 2019 Men"]
[Site "St. Petersburg"]
[Date "2019.03.13"]
[Round "7.22"]
[White "Maslyakov, Ivan"]
[Black "Karalkin, Maksim"]
[Result "0-1"]
[WhiteElo "1741"]
[BlackElo "2174"]
[PlyCount "73"]
[EventDate "2019.03.07"]

1. a3 d5 2. Nf3 Nf6 3. g3 c5 4. Bg2 Nc6 5. d3 g6 6. Nbd2 Bg7 7. O-O O-O 8. Re1
b6 9. e4 e6 10. exd5 exd5 11. Nf1 h6 12. Rb1 a5 13. Bf4 Be6 14. Ne5 Ne7 15. Qc1
Kh7 16. b4 cxb4 17. axb4 a4 18. b5 g5 19. Bd2 Nd7 20. Nxd7 Qxd7 21. Qa3 Nf5 22.
Bc3 Nd4 23. Bxd4 Bxd4 24. Ne3 Bc5 25. Qa1 d4 26. Bxa8 dxe3 27. Be4+ f5 28. fxe3
fxe4 29. d4 Bd6 30. Qxa4 Bh3 31. c4 Qg4 32. Qd1 Rf3 33. Rb2 Bxg3 34. hxg3 Rxg3+
35. Kh1 Qh4 36. Ree2 Bg2+ 37. Kg1 0-1

[Event "NWFD Ch 2019 Men"]
[Site "St. Petersburg"]
[Date "2019.03.13"]
[Round "7.23"]
[White "Mikhailov, Stepan"]
[Black "Petrov, Alexandr"]
[Result "1/2-1/2"]
[WhiteElo "1958"]
[BlackElo "1793"]
[PlyCount "51"]
[EventDate "2019.03.07"]

1. e4 c5 2. Nf3 Nc6 3. d4 cxd4 4. Nxd4 Nf6 5. Nc3 e5 6. Ndb5 d6 7. Bg5 a6 8.
Na3 b5 9. Nd5 Be7 10. Bxf6 Bxf6 11. c3 O-O 12. Be2 Bg5 13. Nc2 Be6 14. Nce3
Bxe3 15. Nxe3 Ne7 16. O-O Qb6 17. Bg4 Rad8 18. Qf3 d5 19. exd5 Nxd5 20. Nxd5
Bxd5 21. Qh3 Rd6 22. Rfe1 f5 23. Bd1 Be4 24. Bb3+ Kh8 25. Qe3 Qd8 26. f3
1/2-1/2

[Event "NWFD Ch 2019 Men"]
[Site "St. Petersburg"]
[Date "2019.03.13"]
[Round "7.24"]
[White "Pozdeev, Dmitry"]
[Black "Nikitin, Vladimir"]
[Result "1-0"]
[WhiteElo "1370"]
[BlackElo "1817"]
[PlyCount "77"]
[EventDate "2019.03.07"]

1. e4 d6 2. d4 c6 3. a4 a5 4. g3 g6 5. Bg2 Bg7 6. Ne2 Qb6 7. Nbc3 Na6 8. O-O
Nf6 9. h3 O-O 10. Be3 Re8 11. Qd2 Nb4 12. e5 Nfd5 13. Nxd5 Nxd5 14. Bxd5 cxd5
15. Nf4 dxe5 16. dxe5 Qc6 17. Bd4 Bh6 18. g4 Bd7 19. Rfe1 Rac8 20. c3 Qc4 21.
b3 Qc6 22. Qe3 b5 23. axb5 Qxb5 24. e6 fxe6 25. Qe5 Kf7 26. g5 Qb8 27. Qxb8
Rxb8 28. gxh6 Rxb3 29. Nd3 Bb5 30. Nc5 Rb2 31. c4 Rb4 32. cxb5 Rxd4 33. Nxe6
Rc4 34. Rxa5 d4 35. Ra3 Rc3 36. Rxc3 dxc3 37. Ng5+ Kg8 38. Rc1 Rc8 39. b6 1-0

[Event "NWFD Ch 2019 Men"]
[Site "St. Petersburg"]
[Date "2019.03.13"]
[Round "7.25"]
[White "Poklonskiy, Nikolay"]
[Black "Trushnikov, Viacheslav"]
[Result "1/2-1/2"]
[WhiteElo "1757"]
[BlackElo "1734"]
[PlyCount "120"]
[EventDate "2019.03.07"]

1. d4 d5 2. c4 c6 3. Nc3 Nf6 4. Nf3 g6 5. e3 Bg7 6. Bd3 Nbd7 7. O-O O-O 8. e4
dxe4 9. Nxe4 Nxe4 10. Bxe4 Nf6 11. Bc2 Bg4 12. Be3 Qc8 13. Bd3 Bf5 14. Be2 Ng4
15. Bf4 Rd8 16. h3 Nf6 17. Qc1 Be6 18. Bh6 Ne8 19. Bxg7 Kxg7 20. Qf4 Qc7 21.
Qh4 f6 22. Rac1 Qa5 23. a3 Nd6 24. Bd3 Bf5 25. Bxf5 Qxf5 26. Rfe1 Re8 27. Re3
Qd7 28. g4 Rad8 29. c5 Nb5 30. Rce1 Nc7 31. g5 Nd5 32. Re6 Rf8 33. Qh6+ Kg8 34.
gxf6 exf6 35. Rd6 Qf5 36. Rxd8 Rxd8 37. Nh2 Qg5+ 38. Qxg5 fxg5 39. Ng4 Kf7 40.
Ne5+ Kf6 41. Ng4+ Kg7 42. Re5 h5 43. Ne3 Kf6 44. Nxd5+ Rxd5 45. Rxd5 cxd5 46.
b4 Kf5 47. b5 Ke6 48. Kg2 Kf6 49. a4 Ke6 50. a5 Kd7 51. f3 Kc7 52. Kf2 h4 53.
Ke3 g4 54. fxg4 g5 55. Kd3 a6 56. c6 axb5 57. cxb7 Kxb7 58. Kc3 Ka7 59. Kb3 Kb7
60. Ka3 Ka7 1/2-1/2